Statistiques concernant Personnages de l'univers de Donald Duck par images #2

Cliquez ici pour prendre le quiz!

Statistiques générales

  • Ce quiz a été pris 32 fois
  • Le résultat moyen est 5 sur 20

Statistiques - réponses

Réponse% Correct
Les Rapetous
97%
Filament
59%
Baptiste
38%
Goldie O'Gilt
31%
Brigitte McBridge
28%
Zaza Vanderquack
28%
Panchito Pistoles
25%
Gracié Rapetou
22%
Jose Carioca
22%
Bolivar
19%
Algorab
16%
Gu
16%
Soapy Slick
16%
Cracs-badaboums
13%
Catmembert
9%
Mamie Baba
9%
Oscar Rapace
9%
Phil Ature
6%
Phooey Duck
6%
Pulcinella
3%

Distribution des résultats

Percentile par nombre de réponses

% des personnes avec chaque résultat

Votre développement - résultats

Vous n’avez pas pris ce quiz